000
00323nam a22001337a 4500
008
181001b xxu||||| |||| 00| 0 eng d
020
_a
9780558908386
041
_a
eng
080
_a
910
100
_a
42
101
_a
GJEO
245
_a
Geos the pearson custom library for geography & geology
_c
Hay,E.A
942
_2
udc
_c
BK
999
_c
48730
_d
48730